书目信息 |
| 题名: |
给水排水管道工程精讲精练
|
|
| 作者: | 陈文兵 主编 | |
| 分册: | ||
| 出版信息: | 北京 化学工业出版社 2010.01 |
|
| 页数: | 115页 | |
| 开本: | 26cm | |
| 丛书名: | ||
| 单 册: | ||
| 中图分类: | TU991 | |
| 科图分类: | ||
| 主题词: | 给排水系统--管道工程 | |
| 电子资源: | ||
| ISBN: | 978-7-122-06545-2 | |
| 000 | 01194nam0 2200229 450 | |
| 001 | 0011244053 | |
| 005 | 20100508090247.00 | |
| 010 | @a978-7-122-06545-2@dCNY28.00 | |
| 100 | @a20100515d2010 em y0chiy0110 ea | |
| 101 | 0 | @achi |
| 102 | @aCN@b110000 | |
| 105 | @aa z 000yy | |
| 200 | 1 | @a给水排水管道工程精讲精练@Agei shui pai shui guan dao gong cheng jing jiang jing lian@f陈文兵主编 |
| 210 | @a北京@c化学工业出版社@d2010.01 | |
| 215 | @a115页@c图@d26cm | |
| 330 | @a《给水排水管道工程精讲精练》一书,根据课程教学大纲和教学要求,并依据《注册公用设备工程师(给水排水专业)考试大纲》进行编写,针对给水排水工程中水的输送、分配和废水的收集及排放的管道系统的工程设计及计算理论所需求的内容,系统地论述管道系统的功能、布置原理、水量计算、水力计算理论和方法、工程优化设计理论和方法及管道系统的运行管理论与实践。书中每章附有练习题,练习题题型包括名词解释、简答题、选择题(单选和多选)、计算题等,其中后两类题型为注册公用设备工程师(给水排水专业)考试题型,并给出参考答案与提示。 | |
| 333 | @a本书适合从事排水系统方面工作的专业人士参考阅读。 | |
| 606 | 0 | @a给排水系统@x管道工程 |
| 690 | @aTU991@v4 | |
| 701 | 0 | @a陈文兵@Achen wen bing@4主编 |
| 801 | 0 | @aCN@c20100515 |
| 905 | @dTU991@eC580@f5 | |
| 给水排水管道工程精讲精练/陈文兵主编.-北京:化学工业出版社,2010.01 |
| 115页:图;26cm |
| 使用对象:本书适合从事排水系统方面工作的专业人士参考阅读。 |
| ISBN 978-7-122-06545-2:CNY28.00 |
| 《给水排水管道工程精讲精练》一书,根据课程教学大纲和教学要求,并依据《注册公用设备工程师(给水排水专业)考试大纲》进行编写,针对给水排水工程中水的输送、分配和废水的收集及排放的管道系统的工程设计及计算理论所需求的内容,系统地论述管道系统的功能、布置原理、水量计算、水力计算理论和方法、工程优化设计理论和方法及管道系统的运行管理论与实践。书中每章附有练习题,练习题题型包括名词解释、简答题、选择题(单选和多选)、计算题等,其中后两类题型为注册公用设备工程师(给水排水专业)考试题型,并给出参考答案与提示。 |
| ● |
| 相关链接 |
|
|
|
正题名:给水排水管道工程精讲精练
索取号:TU991/C580
 
预约/预借
| 序号 | 登录号 | 条形码 | 馆藏地/架位号 | 状态 | 备注 |
| 1 | 981299 | 209812997 | 建筑库201/201建筑库 126排1列5层/ [索取号:TU991/C580] | 在馆 | |
| 2 | 981300 | 209813004 | 建筑库201/ [索取号:TU991/C580] | 在馆 | |
| 3 | 981301 | 209813013 | 建筑库201/201建筑库 126排1列5层/ [索取号:TU991/C580] | 在馆 | |
| 4 | 981302 | 209813022 | 建筑库201/201建筑库 126排1列5层/ [索取号:TU991/C580] | 在馆 | |
| 5 | 981303 | 209813031 | 建筑库201/201建筑库 126排1列5层/ [索取号:TU991/C580] | 在馆 |